Library Banner

Falsafatna (arbi)/ (Record no. 94158)

MARC details
000 -LEADER
fixed length control field 00418nam a22001457a 4500
005 - DATE AND TIME OF LATEST TRANSACTION
control field 20180301122436.0
008 - FIXED-LENGTH DATA ELEMENTS--GENERAL INFORMATION
fixed length control field 170530b xxu||||| |||| 00| 0 eng d
040 ## - CATALOGING SOURCE
Transcribing agency PK-LaUMT
082 ## - DEWEY DECIMAL CLASSIFICATION NUMBER
Classification number ZIAC 297.01
Item number BAQ-F
100 ## - MAIN ENTRY--PERSONAL NAME
Personal name Baqir ul Sadar , Muhammad
245 ## - TITLE STATEMENT
Title Falsafatna (arbi)/
Statement of responsibility, etc Muhammad Baqir ul Sadar
260 ## - PUBLICATION, DISTRIBUTION, ETC. (IMPRINT)
Place of publication, distribution, etc بیروت:
Name of publisher, distributor, etc دارالمعارف للمطبوعات،
Date of publication, distribution, etc 1982
300 ## - PHYSICAL DESCRIPTION
Extent 349 ص
942 ## - ADDED ENTRY ELEMENTS (KOHA)
Koha item type Books
Holdings
Withdrawn status Lost status Damaged status Home library Current library Date acquired Full call number Barcode Date last seen Price effective from Koha item type
      UMT Main Campus UMT Main Campus 2017-05-30 ZIAC 297.01 BAQ-F 109719 2017-05-30 2017-05-30 Books